| 000 | 00528nam a2200193Ia 4500 | ||
|---|---|---|---|
| 005 | 20250326143146.0 | ||
| 008 | 250326s9999 xx 000 0 und d | ||
| 020 | _a81-7629-471-3 | ||
| 037 | _aTextbook | ||
| 040 |
_aFMSL _beng _cFMSL |
||
| 041 |
_aeng _2eng |
||
| 084 |
_aX;74 P3 _qFMSL |
||
| 100 |
_aArya P _9747254 |
||
| 245 | 0 |
_aCorporate Goverce _cArya P |
|
| 260 |
_aNew Delhi _bNew Delhi, Deep & Deep Publications Pvt. Ltd. _c2003 |
||
| 300 | _a422p | ||
| 942 |
_cTB _hX;74 P3 |
||
| 999 |
_c1298369 _d1298369 |
||